[Event "HCL-T263"]
[Site "www.playchess.de"]
[Date "2006.03.23"]
[Round "10"]
[White "victorabiodun03"]
[Black "daveboy6968"]
[WhiteElo "1476"]
[BlackElo "940"]
[PlyCount "105"]
[Result "1-0"]

1.d4 f5 2.c4 Nf6 3.Nc3 e6 4.Bg5 Be7 5.Nf3 d6 6.Nd2 
h6 7.Bxf6 Bxf6 8.e3 d5 9.c5 c6 10.Qh5+ Kf8 11.Bd3 
Bd7 12.O-O Be8 13.Qe2 h5 14.b4 h4 15.b5 a6 16.a4 
a5 17.Rfb1 Bh5 18.Qf1 b6 19.cxb6 Qxb6 20.bxc6 Qxc6 
21.Nb5 Bd8 22.Rbc1 Qb6 23.Nb3 Nc6 24.Nc5 Nb8 
25.Rab1 Be8 26.f3 Bxb5 27.Rxb5 Qc6 28.Nb7 Qd7 
29.Qe1 Rh5 30.Qc3 Nc6 31.Qxc6 Qxc6 32.Rxc6 Rh6 
33.Nxd8 Rxd8 34.Rxa5 g5 35.Bxf5 Rf6 36.Bxe6 Re8 
37.Bxd5 Rxc6 38.Bxc6 Rb8 39.Bb5 Rc8 40.Be2 Rc1+ 
41.Kf2 Rh1 42.Rxg5 Rxh2 43.Bf1 h3 44.Rh5 hxg2 
45.Rf5+ Ke7 46.Bxg2 Ke6 47.Rf4 Kd7 48.a5 Kc7 49.a6 
Kb8 50.Rf7 Rh6 51.a7+ Ka8 52.f4+ Rc6 
53.Bxc6+ 1-0

[Event "HCL-C4186"]
[Site "www.playchess.de"]
[Date "2006.03.24"]
[Round "3"]
[White "Peanutbutterjelly"]
[Black "makakuto"]
[WhiteElo "1353"]
[BlackElo "800"]
[PlyCount "23"]
[Result "1-0"]

1.e4 e5 2.Nf3 f6 3.Nxe5 fxe5 4.Qh5+ g6 5.Qxe5+ Kf7 
6.Bc4+ d5 7.Bxd5+ Be6 8.Qxe6+ Kg7 9.Qf7+ Kh6 
10.d3+ g5 11.h4 Bb4+ 12.Nc3 1-0

[Event "HCL-A2598"]
[Site "www.playchess.de"]
[Date "2006.03.24"]
[Round "15"]
[White "padre"]
[Black "victorabiodun03"]
[WhiteElo "1406"]
[BlackElo "1378"]
[PlyCount "44"]
[Result "0-1"]

1.e4 e6 2.d3 d5 3.Nd2 Nf6 4.Ngf3 Be7 5.c3 c5 6.g3 
Nc6 7.Bg2 O-O 8.O-O dxe4 9.dxe4 e5 10.a3 Qc7 
11.Nc4 b5 12.Ne3 Rd8 13.Qe2 Ba6 14.b4 Nxe4 15.Qc2 
Nf6 16.h4 cxb4 17.cxb4 Rac8 18.Bb2 Bb7 19.Ng5 Nd4 
20.Qxc7 Rxc7 21.Rfd1 h6 22.Bxd4 
exd4 0-1

[Event "HCL-B3731"]
[Site "www.playchess.de"]
[Date "2006.03.24"]
[Round "6"]
[White "dassio"]
[Black "Alves"]
[WhiteElo "1177"]
[BlackElo "1493"]
[PlyCount "99"]
[Result "1-0"]

1.Nc3 c5 2.e4 a6 3.Nf3 Nc6 4.Bc4 Nf6 5.d3 h6 6.Be3 
e6 7.O-O Nb4 8.a3 Nc6 9.d4 d6 10.dxc5 dxc5 
11.Qxd8+ Nxd8 12.Rfd1 Be7 13.Rd2 O-O 14.Rad1 b6 
15.e5 Ng4 16.Bf4 h5 17.h3 Nh6 18.Bxh6 gxh6 19.Ne4 
Nc6 20.Ng3 h4 21.Ne4 b5 22.Be2 Ra7 23.Nf6+ Kg7 
24.Ng4 Rd8 25.Ne3 Rxd2 26.Rxd2 Rd7 27.Rxd7 Bxd7 
28.Kf1 c4 29.Ke1 Bg5 30.Kd2 f6 31.exf6+ Kxf6 32.b3 
cxb3 33.cxb3 b4 34.axb4 Nxb4 35.Kc3 a5 36.Nc4 Bb5 
37.Kd4 Na6 38.Nfe5 Bf4 39.Bf3 Bxe5+ 40.Nxe5 Be8 
41.Bc6 Bf7 42.f3 h5 43.Nxf7 Kxf7 44.Kc4 Nc7 45.Kc5 
e5 46.Kb6 Ne6 47.Bd5 Ke7 48.Bxe6 Kxe6 49.Kxa5 Kd5 
50.b4 1-0

[Event "HCL-A2628"]
[Site "www.playchess.de"]
[Date "2006.03.24"]
[Round "4"]
[White "sonnygarcia"]
[Black "grannialex"]
[WhiteElo "1051"]
[BlackElo "1800"]
[PlyCount "72"]
[Result "0-1"]

1.e4 e6 2.d4 d5 3.Nc3 Bb4 4.e5 c5 5.a3 Bxc3+ 
6.bxc3 Ne7 7.Nf3 Nbc6 8.Bd3 Qa5 9.Bd2 cxd4 10.cxd4 
Qa4 11.c3 Qxd1+ 12.Kxd1 Na5 13.Rb1 b6 14.c4 Nxc4 
15.Bxc4 dxc4 16.Ke2 Bb7 17.Rb4 Bxf3+ 18.Kxf3 Rc8 
19.Bc3 Nd5 20.Bd2 c3 21.Bc1 Nxb4 22.axb4 Rc4 
23.Ke3 Rxb4 24.Kd3 Kd7 25.Kxc3 a5 26.Rd1 Rc8+ 
27.Kd3 b5 28.Bd2 Rb3+ 29.Ke4 b4 30.Ra1 Ra3 31.Rb1 
Ra2 32.Kd3 Rcc2 33.Be3 Kc6 34.g3 Kb5 35.Ke4 a4 
36.d5 Rc4+ 0-1

[Event "HCL-C4173"]
[Site "www.playchess.de"]
[Date "2006.03.24"]
[Round "19"]
[White "knightprancer"]
[Black "Tribun"]
[WhiteElo "1253"]
[BlackElo "781"]
[PlyCount "87"]
[Result "1-0"]

1.b4 {Hallo nach Kanada,viel Gluck !}  e5 {Hallo 
aus Berlin-Good Luck to you}  2.b5 {Danke}  c5 
3.Bb2 d6 4.c4 Be6 5.Qb3 Nf6 6.Nc3 b6 7.O-O-O Bf5 
8.d3 Be7 9.e4 Ng4 10.Nh3 Be6 11.Be2 Bg5+ 12.Kb1 
O-O 13.Nd5 Nd7 14.Bxg4 Bxg4 15.f3 Be6 16.Nxg5 Qxg5 
17.Nc7 {How are you this fine day ?It is about -4 
outside ,nice and sunny .Thursday the temperature 
is supposed to reach a high of +16 !}  Rac8 {thank 
you, i am fine.We have Snow and it seems the 
winter will not end.}  18.Nxe6 {Congradulations on 
Germany's fine performance at this years winter 
Oylmpics}  Qxg2 {thank you, but im afraid of the 
Soccer WM-dont looks good for Germany}  19.Nxf8 
{your talking about the World Cup right ?! if you 
are hmm Germany is usually a powerhouse ,a 
counntry tough to beat .I've never seen Canada yet 
qualify for the World Cup in 40 years.}  Rxf8 {oh 
if you think ?sorry for your country-but I am more 
on Formula 1,so I don´t thought about Canada 
-Sorry}  20.Rdf1 {Formula onecar racing ,drivers 
such as Schmacher and J.Villenue?}  g6 {Yes, and 
Canada have Champions on this Party}  21.Qa4 {I 
know Paul Tracy has done well over the years.}  
Nb8 {Yes, but he said: "I am to old for change in 
Formula 1" He is 34 years old, so why not ? Good 
Night to Canada-(I don`t think I can beat you in a 
minute)}  22.Qxa7 {Guten nacht mein freun}  Qd2 
{Oh, you speak german?}  23.Qxb6 {just a little 
bit. I grew up in a german city ,Kitchener in 
Ontario .These days it's more multi cultured but 
still retains some of its German heritage.Each 
year in October Kit.holds OktoberFest ,second 
largest outside of Germany.}  Qxd3+ {..realy 
intersting! man I play chess and take a little 
journey in our big world-pretty cool!!!isn`t it}  
24.Ka1 {ya the internet is groovy!}  Qxc4 25.Qxd6 
Qxb5 26.Qxe5 f6 {Hello}  27.Qe6+ {Hi ,how is the 
weather your way ? here it has been thunder storms 
on and off with sunny breaks and +16. Winds are to 
pick up to 90 k an hour and temperature is to drop 
alot and expecting 2-10 cm of snow sometime 
throught the night and Tuesday.}  Rf7 {Hello,we 
have Snow and it´s different cold from -10 at 
Night,-4 at Day but it´s very sunny today.For the 
Wind I have no Infos.In our country it is time for 
the Spring and the most people are waiting for 
inclueding me}  28.Bxf6 {The snow storm has 
arrived here unfortunatly. 2-5 cm of snow forcast 
for today and 4 cm for Wednesday.I hope our hydro 
stays on ,the wind is strong and can cause much 
damage.Two weeks ago the wind loosened our 1 panal 
of aluminum sidiing from the house!}  Qb7 {oh, 
that sounds real heavy.I hope you and your family 
will be OK!!}  29.Rfb1 {thanks for your 
concern.driving is good ,roads are clear,not much 
in the way of snow falling but the wind is howling 
!but now and then music fills the air as one hears 
the various birds chirping outside !}  Qc7 30.Rhd1 
h5 {it realy looks bad for me}  31.Rd8+ 
{regardless of the outcome ,it's been great 
meeting another fine in yourself and having 
another hard fought match !}  Qxd8 {It was very 
nice to meet you, and I think we see us in another 
tournament(so you stay in C-Class)}  32.Bxd8 {no 
you come up to B class ,hey about we both go all 
the way to the top class by the head of this year  
!!}  Kg7 {..yeah we hit them all,but first I have 
to learn how to play.For you I wish the best!!}  
33.Rxb8 {thanks and all the best to you mein 
freun. after this game is finnished would you like 
a challenge to a private game ?}  Rxf3 {Yes, it´s 
very nice of you,thanks}  34.Bg5 {Good afternoon 
,that's good !}  Rf1+ 35.Kb2 Rf2+ {Good Evening to 
you}  36.Ka3 {thanks,how was your weekend ?}  Rf3+ 
{I have a little Work on a 50 years old Motorboat 
with my Dad(it was cold and dusty)but the rest was 
ok!And yours?}  37.Ka4 {sounds like fun ! Saturday 
afternoon I went to the stamp exibition show for a 
few hours ,other then that it was a quiet 
weekend.}  Rf5 {...cool. I think it`s time for 
resign.Gratulations for the winning of all the 
Games in our Tournament}  38.Qe8 {thanks,it's been 
good playing and talking with you ! if you like we 
can have a private match ?!}  Rxg5 {me too! 
loosing against you doesn`t hurt so much because 
you are realy sympatic.I have to stop playing for 
today ...Good Night Canada}  39.Qg8+ {oops i 
overlooked your rook move Guten Nacht Germany !}  
Kf6 {That happend to me very often}  40.Re8 {Do 
you follow the FIFA World Cup ? Does the German 
eam look strong ?}  Re5 {I looked a little bit and 
it seems to be good but I don`t feel the fire like 
in the past! I don`t think its enough for rest of 
the World.}  41.Qf8+ {At least your countries team 
qualified,I don't think Canada qualified . I can't 
remember Canada ever qualifing at least not in my 
lifetime.}  Kg5 {How old are you? maybe there is a 
chance}  42.Rxe5+ {40's}  Kh4 {It should be 
possible in your Lifetime!!Did you heard about the 
Problem with the Bird-virus}  43.Qf4+ {yes ,I hope 
the virus does not mutate itself from birds to 
humans ,that would be very bad .}  Kh3 {it is 
realy sad!!Our World is so damaged by Humans}  
44.Qg3+ {Good match ( handshake )} 
 1-0

[Event "HCL-C4206"]
[Site "www.playchess.de"]
[Date "2006.03.24"]
[Round "3"]
[White "cccmember"]
[Black "herrDokter"]
[WhiteElo "1185"]
[BlackElo "929"]
[PlyCount "27"]
[Result "1/2-1/2"]

1.d4 {hi and good game.}  d5 {Thanks, you too.}  
2.c4 Nf6 3.Nc3 e6 4.Bg5 Be7 5.e3 Nbd7 6.Nf3 O-O 
7.Rc1 h6 8.Bh4 b6 9.Bd3 g6 10.cxd5 exd5 11.O-O Bd6 
12.Nxd5 Be7 13.Nxe7+ Qxe7 14.Rxc7 {(offering 
draw)}  1/2-1/2

[Event "ACL-A655"]
[Site "www.playchess.de"]
[Date "2006.03.24"]
[Round "17"]
[White "miki75"]
[Black "novice1"]
[WhiteElo "1500"]
[BlackElo "1500"]
[PlyCount "64"]
[Result "0-1"]

1.e3 e5 2.Qf3 Nc6 3.Bc4 Nf6 4.Nh3 h6 5.a3 g5 6.Qg3 
d6 7.O-O g4 8.Nf4 exf4 9.Qxf4 Ne5 10.Be2 Nh5 
11.Qb4 a6 12.Nc3 c6 13.d4 d5 14.Qa4 Bd7 15.Qb3 b5 
16.h3 Rg8 17.dxe5 gxh3 18.Bxh5 Qg5 19.Bxf7+ Kxf7 
20.g3 Qxe5 21.Ne2 Bg4 22.Nf4 Qe4 23.Qc3 Rc8 24.b4 
Bd6 25.Bb2 Bxf4 26.f3 Bxf3 27.Qf6+ Ke8 28.Rxf3 
Qxf3 29.Qe6+ Kd8 30.Qxg8+ Kc7 31.Qf7+ Kb8 32.Qxf4+ 
Qxf4 0-1

[Event "HCL-B3824"]
[Site "www.playchess.de"]
[Date "2006.03.24"]
[Round "1"]
[White "fire-serpent"]
[Black "Ivan_Lacerda"]
[WhiteElo "1078"]
[BlackElo "1180"]
[PlyCount "132"]
[Result "0-1"]

1.e4 c5 2.Nf3 a6 3.c4 e6 4.g3 d6 5.Bg2 Nc6 6.O-O 
e5 7.Nc3 Bg4 8.Qb3 Na5 9.Qc2 Nxc4 10.Nd5 Ne7 
11.Qxc4 b5 12.Qc2 Nxd5 13.exd5 Be7 14.h3 Bxf3 
15.Bxf3 O-O 16.b3 b4 17.a3 a5 18.Bb2 f6 19.Be4 h6 
20.Bh7+ Kh8 21.Bg6 Qd7 22.f4 Qxh3 23.d3 Qxg3+ 
24.Qg2 exf4 25.Qxg3 fxg3 26.Kg2 a4 27.bxa4 Rxa4 
28.Rae1 bxa3 29.Ba1 Bd8 30.Re6 Bc7 31.Rfe1 Raa8 
32.R6e7 Bb6 33.Rb7 Ba5 34.Ree7 Rab8 35.Rba7 Rba8 
{(offering draw)}  36.Rad7 Rfg8 37.Bf7 Rgd8 
38.Rxd8+ Rxd8 39.Ra7 Bb4 40.Bg6 Kg8 41.Kxg3 Kf8 
42.Rf7+ Kg8 43.d4 Bd2 44.dxc5 dxc5 45.Rc7 Be3 
46.Be4 Bd4 47.Bxd4 cxd4 48.Ra7 d3 49.Bxd3 Kf8 
50.Bc4 Rc8 51.Ra4 Ke7 52.Ba2 Rc3+ 53.Kf4 g5+ 
54.Kg4 Kd6 55.Kf5 Rf3+ 56.Kg6 f5 57.Kxh6 g4 58.Rd4 
Rf2 59.Bc4 g3 60.Rd1 a2 61.Bxa2 Rxa2 62.Kg5 Rf2 
63.Kh4 f4 64.Kg4 g2 65.Rg1 f3 66.Kg3 
Rf1 0-1

[Event "HCL-B3868"]
[Site "www.playchess.de"]
[Date "2006.03.24"]
[Round "4"]
[White "DTW"]
[Black "seisan"]
[WhiteElo "1289"]
[BlackElo "1392"]
[PlyCount "109"]
[Result "1-0"]

1.e4 e5 2.Nf3 Nc6 3.Nc3 Bc5 4.Bb5 d6 5.d4 exd4 
6.Nxd4 Bd7 7.Nxc6 bxc6 8.Bc4 Nf6 9.O-O O-O 10.Bg5 
Rb8 11.Bb3 Qe7 12.Bxf6 Qxf6 13.e5 Qxe5 14.Re1 Qf4 
15.Qf3 Qxf3 16.gxf3 d5 17.Ne2 a5 18.a3 a4 19.Ba2 
Rxb2 20.Rec1 Bf5 21.Nc3 Bxc2 22.Kh1 Bxf2 23.Nd1 
Bd4 24.Nxb2 Bxb2 25.Rxc2 Bxa1 26.Rxc6 d4 27.Rxc7 
Bb2 28.Rd7 g6 29.Bc4 Kg7 30.Ra7 Bxa3 31.Rxa4 Bb2 
32.Rb4 Bc3 33.Rb7 h5 34.Rd7 g5 35.Kg2 Kg6 36.Bd3+ 
f5 37.Rd6+ Rf6 38.Rd5 g4 39.fxg4 hxg4 40.Kg3 Kg5 
41.h3 gxh3 42.Kxh3 Kf4 43.Kg2 Rg6+ 44.Kf2 Rg5 
45.Bc2 Rh5 46.Bd3 Rh2+ 47.Kg1 Rd2 48.Rxf5+ Kg4 
49.Be4 Re2 50.Bd3 Rd2 51.Be4 d3 52.Rd5 Rd1+ 53.Kf2 
Be1+ 54.Ke3 d2 55.Bf3+ 1-0

[Event "HCL-B3883"]
[Site "www.playchess.de"]
[Date "2006.03.24"]
[Round "8"]
[White "pirracas"]
[Black "Mongol"]
[WhiteElo "1539"]
[BlackElo "1384"]
[PlyCount "111"]
[Result "1-0"]

1.c4 e5 2.Nc3 Nf6 3.g3 Bc5 4.Bg2 c6 5.e3 d5 6.b3 
e4 7.Nge2 Bg4 8.O-O Bd6 9.h3 Be6 10.Kh2 h5 11.Nf4 
Bxf4 12.exf4 h4 13.g4 Nbd7 14.d3 dxc4 15.bxc4 Qc7 
16.dxe4 O-O-O 17.Qe2 Nc5 18.e5 Rdg8 19.exf6 gxf6 
20.Be3 f5 21.gxf5 Bxf5 22.Bxc5 Qxf4+ 23.Kh1 Rgd8 
24.Qf3 Qe5 25.Bxa7 Qe6 26.Rae1 Qd7 27.Qf4 Qc7 
28.Qxc7+ Kxc7 29.Re7+ Kc8 30.Rxf7 Rd3 31.Rxf5 Rxc3 
32.c5 Re8 33.Bb6 Kd7 34.Rf7+ Ke6 35.Rxb7 Rf8 
36.Re1+ Kf6 37.Bxc6 Rxh3+ 38.Kg2 Rd3 39.Re3 h3+ 
40.Kxh3 Rh8+ 41.Kg4 Rd4+ 42.Re4 Rg8+ 43.Kf4 Rd2 
44.Ke3 Rxa2 45.Bd5 Ra3+ 46.Ke2 Rc3 47.Rf7+ Kg5 
48.c6 Ra8 49.Be3+ Kg6 50.Rg4+ Kh5 51.Rfg7 Rxc6 
52.R4g1 Rc2+ 53.Kd3 Ra3+ 54.Kxc2 Rxe3 55.Rh1+ Rh3 
56.Rxh3+ 1-0

[Event "HCL-B3892"]
[Site "www.playchess.de"]
[Date "2006.03.24"]
[Round "8"]
[White "Corak"]
[Black "IRONMAIDEN"]
[WhiteElo "789"]
[BlackElo "1239"]
[PlyCount "78"]
[Result "0-1"]

1.e3 e5 {hello!}  2.Bb5 {Hello man, lets make this 
a worth while game shall we :D}  c6 {yeah, you 
sound like you`re from NYC, is that so?}  3.Bc4 
{Lol, no way. Im actualy in Sandy, Utah. Very 
religious place, I dont really like it at all. 
What part of Germany you from?}  d5 {munich, south 
of germany. got tons of snow currently and real 
chaos due to it.}  4.Bd3 {ah, I hate snow so I 
would hate to live there}  e4 5.Be2 Bc5 6.Bh5 g6 
7.Be2 Ne7 8.h4 O-O 9.c3 Nd7 10.Qb3 Nb6 11.Rh3 Bxh3 
12.gxh3 Nf5 13.Bg4 Qxh4 14.Nf3 Qf6 15.Ne5 Qxe5 
16.d4 Bxd4 17.cxd4 Qf6 18.Bd2 Nd6 19.Bb4 Nbc4 
20.Bf5 Qxf5 21.Bxd6 Nxd6 22.Nc3 Qf3 23.Nxd5 Qh1+ 
24.Kd2 Qxa1 25.Nf6+ Kh8 26.Nd7 Qf1 27.Nxf8 Qxf2+ 
28.Kc1 Rxf8 29.Qa3 Qe1+ 30.Kc2 Qe2+ 31.Kc3 Qxe3+ 
32.Kc2 Qxa3 33.bxa3 e3 34.a4 e2 35.a5 e1Q 36.a6 
bxa6 37.d5 cxd5 38.Kd3 Rc8 39.Kd4 
Qe4+ 0-1

[Event "HCL-A2622"]
[Site "www.playchess.de"]
[Date "2006.03.24"]
[Round "2"]
[White "Akkarin"]
[Black "schlueter"]
[WhiteElo "1375"]
[BlackElo "1597"]
[PlyCount "103"]
[Result "0-1"]

1.d3 {Grussen aus Imardin, Kyralia}  d5 {Hallo aus 
Mölln / Germany near Hamburg.}  2.Nd2 Nf6 3.e4 e5 
4.Ngf3 Bg4 5.Be2 dxe4 6.dxe4 Nc6 7.c3 Bd6 8.Qc2 
O-O 9.O-O a6 10.Nc4 b5 11.Nxd6 cxd6 12.Bg5 h6 
13.Bh4 Qe7 14.Rfd1 Rfd8 15.h3 Bh5 16.Kf1 Bg6 
17.Bxf6 Qxf6 18.Rd2 d5 19.Bd3 d4 20.cxd4 Nxd4 
21.Nxd4 Rxd4 22.Rad1 Rad8 23.f3 Qd6 24.Ke2 f6 
25.Qc3 Bf7 26.Bb1 Bc4+ 27.Ke3 Rxd2 28.Rxd2 Qxd2+ 
29.Qxd2 Rxd2 30.Kxd2 Bf1 31.g4 Bxh3 32.Ke2 h5 
33.gxh5 Be6 34.a3 Kh7 35.Ke3 Kh6 36.f4 Kxh5 37.f5 
Bb3 38.Bd3 g5 39.fxg6 Kxg6 40.Kf3 Kg5 41.Bb1 Bd1+ 
42.Kg3 Bg4 43.Bd3 f5 44.exf5 Bxf5 45.Be2 Bc2 
46.Kf3 Kf5 47.Ke3 Bb3 48.Bd3+ Ke6 49.Be4 Kd6 
50.Bb7 a5 51.Ke4 Bc2+ 52.Ke3 0-1

[Event "HCL-M879"]
[Site "www.playchess.de"]
[Date "2006.03.24"]
[Round "19"]
[White "solya"]
[Black "Faroe_Bamsa"]
[WhiteElo "2044"]
[BlackElo "2270"]
[PlyCount "68"]
[Result "0-1"]

1.e4 {Greetings.}  e5 {Hi, and a happy new year. 
Nice to meet you again. I hope we will have an 
other good game. May the best player win - good 
luck!}  2.Nf3 Nc6 3.d4 exd4 4.Nxd4 Bc5 5.Nb3 Bb6 
6.a4 Qf6 7.Qd2 a5 8.Bb5 Nge7 9.O-O O-O 10.Na3 Ne5 
11.Qg5 Qe6 12.Be3 h6 13.Qg3 Bxe3 14.Qxe3 c6 15.Be2 
d5 16.f4 Ng4 17.Qh3 Nf6 18.Qxe6 Bxe6 19.e5 Nd7 {I 
don't like the way your'e pushing me back :-/ I'll 
have to come up with some kind of counterplay - 
sone :o)}  20.g4 {You are strong on the queen 
side.}  f5 {Yea maybe, but at the moment I'm 
trying to survive your attack.}  21.h3 Kf7 22.Rad1 
b6 23.Nd4 Nc5 24.b3 Rad8 25.g5 hxg5 {I'm afraid 
that was a bit to agressive of you}  26.fxg5 {I 
have no way to back.}  Rfh8 {:-)}  27.Kh2 Ne4 
28.Kg2 c5 29.Ndb5 {End of my atack.}  Nxg5 {Looks 
like it, and now my attack begins :o)}  30.Rd3 Nc6 
31.Nc7 Ne4 32.c4 d4 33.Bf3 Rh4 34.Bxe4 
Rxe4 0-1

[Event "HCL-B3921"]
[Site "www.playchess.de"]
[Date "2006.03.24"]
[Round "8"]
[White "mc"]
[Black "RUDI"]
[WhiteElo "1500"]
[BlackElo "1302"]
[PlyCount "53"]
[Result "1-0"]

1.e4 e5 2.Nf3 Nc6 3.d4 exd4 4.Nxd4 Nxd4 5.Qxd4 Bd6 
6.Qxg7 Qf6 7.Qxf6 Nxf6 8.Bd3 Bc5 9.Nc3 d6 10.Nd5 
Nxd5 11.exd5 Bd7 12.Be3 Bxe3 13.fxe3 O-O-O 
14.O-O-O c6 15.Rhf1 Rdf8 16.Bf5 Bxf5 17.Rxf5 c5 
18.Rdf1 Rhg8 19.R5xf7 Rxf7 20.Rxf7 Rxg2 21.Rxh7 a5 
22.h4 b5 23.h5 {Passed pawn are meant to be pushed 
:-)}  Rh2 24.h6 c4 25.Rh8+ Kd7 26.h7 Ke7 
27.Ra8 1-0

[Event "HCL-C4108"]
[Site "www.playchess.de"]
[Date "2006.03.24"]
[Round "5"]
[White "Genesio"]
[Black "Skipper_Robert"]
[WhiteElo "1067"]
[BlackElo "982"]
[PlyCount "167"]
[Result "1-0"]

1.e4 {Welcome!}  e5 {Hello, have a good game}  
2.Nf3 {To you!}  d6 3.c3 h6 4.Bc4 Nf6 5.O-O Nc6 
6.d4 Ng4 7.dxe5 Ncxe5 8.Nxe5 Nxe5 9.Bb3 Qe7 10.f4 
Ng4 11.Rf3 Qxe4 12.Re3 Nxe3 13.Qe2 Qxg2+ 14.Qxg2 
Nxg2 15.Kxg2 Bf5 16.Nd2 f6 17.Nf3 O-O-O 18.Nd4 g6 
19.Kf3 Re8 20.Nxf5 gxf5 21.Be3 c5 22.Rd1 h5 23.Rd5 
h4 24.Rxf5 Bg7 25.Bd5 Re7 26.b4 Rhe8 27.Bf2 h3 
28.bxc5 dxc5 29.Bc4 b6 30.Bb5 Rd8 31.Kg4 Rd2 
32.Bh4 Rxh2 33.Bxf6 Bxf6 34.Rxf6 Rg7+ 35.Kh4 Rg8 
36.Rh6 Rh1 37.Bc6 h2 38.Bxh1 Rg1 39.Bd5 h1Q+ 
40.Bxh1 Rxh1+ 41.Kg5 Rg1+ 42.Kf6 Rf1 43.f5 Kb7 
44.Ke6 Re1+ 45.Kd6 Rd1+ 46.Ke7 b5 47.f6 Re1+ 
48.Kd6 c4 49.Rh7+ Kb6 50.f7 Rd1+ 51.Ke7 Re1+ 
52.Kd7 Rd1+ 53.Kc8 Rf1 54.Kd8 Rd1+ 55.Ke7 Kc7 
56.f8Q Rd7+ 57.Ke8 Rxh7 58.Qc5+ Kb8 59.Qxb5+ Rb7 
60.Qxc4 Rb6 61.Kd7 Rb7+ 62.Kd6 Rb6+ 63.Kd5 a6 
64.Qf4+ Kb7 65.Qf7+ Kb8 66.Qe8+ Kb7 67.Qd7+ Kb8 
68.Qd8+ Kb7 69.Qd7+ Kb8 {(offering draw)}  70.Kc5 
Rb7 71.Qc6 Rc7 72.Qxc7+ Kxc7 73.c4 Kb7 74.a4 Kc7 
75.a5 Kb7 76.Kd6 Kc8 77.Kc6 Kb8 78.Kb6 Kc8 79.c5 
Kb8 80.c6 Ka8 81.Kxa6 Kb8 82.Kb6 Ka8 83.a6 Kb8 
84.a7+ 1-0

[Event "HCL-A2645"]
[Site "www.playchess.de"]
[Date "2006.03.24"]
[Round "9"]
[White "Vinci"]
[Black "BR_Hort"]
[WhiteElo "1606"]
[BlackElo "2202"]
[PlyCount "64"]
[Result "0-1"]

1.e4 {hi and greetings from switzerland!}  c5 
{hello! Geetings from Brasilia, Brazil. Good luck} 
 2.Nf3 {thanks, good luck too! yesterday i saw 
Ronaldinho playing with Barcelona, he was just 
amazing, wow! i look forward for the world 
championship!}  Nc6 {It will be great for sure.}  
3.Nc3 {what's your profession, if i may ask you?}  
g6 {I work in a bank. And u?}  4.d4 {i am a 
lawyer, working independent and having a paid job 
three days a week.}  cxd4 {ok. The business are 
doing well?}  5.Nxd4 {yes, enough work, this is 
good, good job. interesting. i like it.}  Bg7 
{that's good. Where do you live?}  6.Be3 {in Chur, 
east part of little switzerland. do you know 
europa by any trips?}  Nf6 {No, But I intend to do 
it anytime in the future.}  7.f3 {brasil is 
probably wonderful enough :-)}  O-O {It is 
definitely beautiful. Many fantastic places to 
visit. But Europe has a completely different feel 
. And besides, Europe is a perfect place to 
history lovers like me.}  8.Nxc6 bxc6 {I have seen 
some photos of your town on the net. It's a pretty 
little one, huh?}  9.Qd2 {yes, 35'000 habitants. 
we are a small country, with small cities and few 
people, lots of mountains, strong nature.}  d5 
10.Bd3 d4 11.Bf2 dxc3 12.bxc3 e5 13.O-O Be6 14.f4 
exf4 15.Qxf4 Ng4 16.Be1 Be5 17.Qd2 Bxh2+ 18.Kh1 
Qd6 19.Qg5 Bg3 20.Bd2 Nf2+ 21.Rxf2 Bxf2 22.Bf4 Qd8 
23.Qe5 Qh4+ 24.Bh2 a5 25.Rf1 Ba7 26.g3 Qd8 27.Rf6 
Bb8 28.Qg5 Qd6 29.Qh6 Qe5 30.Rf3 c5 31.g4 Qxh2+ 
32.Qxh2 Bxh2 0-1

[Event "HCL-B3874"]
[Site "www.playchess.de"]
[Date "2006.03.24"]
[Round "2"]
[White "Russ"]
[Black "Ebaw"]
[WhiteElo "1040"]
[BlackElo "1351"]
[PlyCount "25"]
[Result "1-0"]

1.e4 d5 2.e5 Bf5 3.d4 e6 4.a3 c5 5.Bb5+ Nd7 6.Nf3 
c4 7.O-O a6 8.Bxd7+ Qxd7 9.Nh4 Ne7 10.Nc3 b5 11.g4 
Bg6 12.Bg5 h6 13.Bf4 1-0

[Event "HCL-M898"]
[Site "www.playchess.de"]
[Date "2006.03.24"]
[Round "7"]
[White "Emerson"]
[Black "siroos"]
[WhiteElo "1788"]
[BlackElo "2001"]
[PlyCount "51"]
[Result "1/2-1/2"]

1.d4 {welcome and good luck!}  d5 {hi}  2.e3 Bf5 
3.Bd3 Bxd3 4.Qxd3 c6 5.Nf3 Nf6 6.Nbd2 e6 7.c4 Be7 
8.O-O Nbd7 9.b3 O-O 10.Bb2 a5 11.e4 dxe4 12.Nxe4 
Nxe4 13.Qxe4 Nf6 14.Qe2 a4 15.Bc3 Qc7 16.Rfc1 c5 
17.h3 Rfd8 18.dxc5 Qxc5 19.b4 Qc7 20.a3 Nd7 21.Ne5 
Nxe5 22.Bxe5 Bd6 23.Bxd6 Qxd6 24.Rcd1 Qc6 25.Rxd8+ 
Rxd8 26.Rd1 {(offering draw)}  1/2-1/2

[Event "HCL-E1579"]
[Site "www.playchess.de"]
[Date "2006.03.24"]
[Round "8"]
[White "Chuck_Ventimiglia"]
[Black "Harijs"]
[WhiteElo "2049"]
[BlackElo "1846"]
[PlyCount "101"]
[Result "1-0"]

1.e4 e5 {Hello from Latvia! Good luck!}  2.Nf3 
{Hello from Texas!!}  Nf6 3.Nxe5 d6 4.Nf3 Nxe4 
5.d4 d5 6.Bd3 Bd6 7.O-O O-O 8.c4 Be6 9.Re1 Re8 
10.c5 Be7 11.Nbd2 f5 12.Ne5 Nd7 13.Ndf3 Bh4 
14.Nxh4 Nxe5 15.Nf3 Nxd3 16.Qxd3 Rc8 17.Ne5 Qh4 
18.g3 Qh3 19.f3 Nf6 20.Bf4 Nh5 21.Bd2 Nf6 22.b4 
Nh5 23.c6 b6 24.b5 Rca8 25.a4 h6 26.a5 Rac8 27.Qf1 
Qxf1+ 28.Kxf1 bxa5 29.Rxa5 f4 30.g4 Nf6 31.Rxa7 h5 
32.h3 Rcb8 33.Rb1 Rec8 34.Bxf4 Kh7 35.Ke2 Rba8 
36.Rxa8 Rxa8 37.Nd3 Ne8 38.Bxc7 Nxc7 39.b6 Rb8 
40.Nc5 Bc8 41.b7 g5 42.Rb3 hxg4 43.fxg4 Kg6 44.Re3 
Nb5 45.Kd3 Kf6 46.Re5 Nc7 47.Kc2 Kg6 48.Kc3 Kf6 
49.Kb4 Kg6 50.Ka5 Bxb7 51.cxb7 1-0